000 00251nam a22001097a 4500
082 _a823/KAN
100 _akannan,Preetha Rajah
_982898
245 _aSita and Ravana The Last Battle
260 _aDelhi
_bJaico
_c2025
650 _aFiction
942 _cBK
999 _c68685
_d68685